Biggest Trading Partners - South Korea - Statistics

General Stats
  • This quiz has been taken 709 times
  • The average score is 18 of 22
Answer Stats
exports imports country % Correct
168 bil 90.2 bil China
100%
25.6 bil 45.9 bil Japan
99%
70.1 bil 44.2 bil United States
99%
7.85 bil United Kingdom
96%
21.0 bil Germany
95%
12.0 bil India
95%
11.3 bil Russia
95%
7.88 bil 8.85 bil Indonesia
93%
27.8 bil 9.80 bil Vietnam
93%
10.8 bil 16.5 bil Australia
92%
6.36 bil Thailand
89%
7.74 bil 8.62 bil Malaysia
88%
12.0 bil 16.7 bil Taiwan
88%
15.0 bil 7.94 bil Singapore
86%
8.33 bil Philippines
85%
10.9 bil Mexico
81%
9.48 bil 19.6 bil Saudi Arabia
76%
8.61 bil United Arab Emirates
69%
16.5 bil Qatar
54%
8.96 bil Kuwait
44%
6.26 bil Iraq
36%
7.49 bil Marshall Islands
5%
No matching quizzes found
Score Distribution
Percent of People with Each Score
Percentile by Number Answered
Your Score History
You have not taken this quiz